Dispositions of charitable land (Record no. 77333)
[ view plain ]
| 000 -LEADER | |
|---|---|
| fixed length control field | 01180cab a2200217 4500 |
| 001 - CONTROL NUMBER | |
| control field | ##L134025 |
| 008 - FIXED-LENGTH DATA ELEMENTS--GENERAL INFORMATION | |
| fixed length control field | 060703n2006 000 0 eng u |
| 035 ## - SYSTEM CONTROL NUMBER | |
| System control number | (Sirsi) u134025 |
| 041 0# - LANGUAGE CODE | |
| Language code of text/sound track or separate title | eng |
| 100 1# - MAIN ENTRY--PERSONAL NAME | |
| Personal name | Dennis, David |
| 245 00 - TITLE STATEMENT | |
| Title | Dispositions of charitable land |
| 260 ## - PUBLICATION, DISTRIBUTION, ETC. | |
| Date of publication, distribution, etc. | 2006 |
| 490 #4 - SERIES STATEMENT | |
| Series statement | The Conveyancer |
| Volume/sequential designation | (70) May/June 2006, 219-244(26) |
| 520 ## - SUMMARY, ETC. | |
| Summary, etc. | Examines the general power of charity trustees to dispose of charitable land under the Trusts of Land and Appointment of Trustees Act 1996. Looks at the operation of the restrictions on dispositions of charity land contained in the Charities Act 1993 Part V. Considers the judgment in "Bayoumi v Women's Total Abstinence Educational Union Ltd" ([2003] EWCA Civ 1548, Abs67553). Discusses whether this judgment's interpretation of Part V of the Act satisfactorily resolves the conflict between protecting the interests of the charity and the purchaser of the property. |
| 590 ## - LOCAL NOTE (RLIN) | |
| Local note | IKA040706 |
| 650 24 - SUBJECT ADDED ENTRY--TOPICAL TERM | |
| Topical term or geographic name entry element | BAYOUMI V WOMEN TOTAL ABSTINENCE UNION LTD AND ANOTHER |
| 650 24 - SUBJECT ADDED ENTRY--TOPICAL TERM | |
| Topical term or geographic name entry element | CHARITIES ACT 1993 |
| 651 #4 - SUBJECT ADDED ENTRY--GEOGRAPHIC NAME | |
| Geographic name | England and Wales |
| Chronological subdivision | 1543- |
| 690 ## - LOCAL SUBJECT ADDED ENTRY--TOPICAL TERM (OCLC, RLIN) | |
| Topical term or geographic name as entry element | PROPERTY-PROPERTY ACQUISITION AND DISPOSAL |
| 942 ## - ADDED ENTRY ELEMENTS (KOHA) | |
| Suppress in OPAC | 0 |
| Withdrawn status | Lost status | Source of classification or shelving scheme | Damaged status | Not for loan | Home library | Current library | Shelving location | Date acquired | Total Checkouts | Full call number | Barcode | Date last seen | Copy number | Price effective from | Koha item type |
|---|---|---|---|---|---|---|---|---|---|---|---|---|---|---|---|
| Dewey Decimal Classification | London | London | Journal article | 03/07/2006 | L134025 | 134025-1001 | 06/08/2019 | 1 | 06/08/2019 | Journal article |